00744nam a22001577a 4500999001900000008004100019100003500060245008800095260004300183300003800226520014200264773004300406906001700449942000700466952011300473 c533009d533009260410b ||||| |||| 00| 0 eng d aAggarwal, Suresh Chand 960060 aLabour and capital use in Indian manufacturing: Structural aspects routledge, India aThe Indian Journal of Labour Economics a68(4), Oct-Dec, 2025: p.1509-1512 aTandon, Anjali (2024). J. Labour Econ. 68, 1509–1512 (2025). Reproduced https://link.springer.com/article/10.1007/s41027-025-00585-x  aThe Indian Journal of Labour Economics aBOOK REVIEW  cAR 00102ddc40709408180aIIPAbIIPAd2026-04-10h68(4), Oct-Dec, 2025: p.1509-1512pAR138521r2026-04-10yAR